Конституция Российской Федерации. Государственные символы России. Государственный флаг РФ. Государственный герб РФ. Государственный гимн РФ.

Detalles Bibliográficos
Sumario:Исключено из фонда НТБ ТПУ
Lenguaje:ruso
Publicado: Новосибирск, Сибирское унив. изд-во, 2006
Colección:Кодексы и законы России
Formato: Libro
KOHA link:https://koha.lib.tpu.ru/cgi-bin/koha/opac-detail.pl?biblionumber=102873

MARC

LEADER 00000nam0a2200000 4500
001 102873
005 20231031113139.0
010 |a 5940875963 
035 |a (RuTPU)RU\TPU\book\110918 
090 |a 102873 
100 |a 20061009d2006 k y0rusy50 ca 
101 0 |a rus 
102 |a RU 
105 |a y n 000zy 
200 1 |a Конституция Российской Федерации. Государственные символы России. Государственный флаг РФ. Государственный герб РФ. Государственный гимн РФ. 
210 |a Новосибирск  |c Сибирское унив. изд-во  |d 2006 
215 |a 64 с. 
225 1 |a Кодексы и законы России 
333 |a Исключено из фонда НТБ ТПУ 
801 1 |a RU  |b 63413507  |c 20061009  |g PSBO 
801 2 |a RU  |b 63413507  |c 20220607  |g PSBO 
942 |c BK